[Event "Skakligaen"]
[Site "Padborg"]
[Date "2017.12.03"]
[Round "3.6"]
[White "Hertel, Peter"]
[Black "Ochsner, Thomas"]
[Result "0-1"]
[WhiteElo "2195"]
[BlackElo "2301"]
[PlyCount "54"]
[EventDate "2017.11.18"]
[EventType "team-tourn"]
[EventRounds "9"]
[EventCountry "DEN"]
[WhiteTeam "Bov"]
[BlackTeam "Aarhus/Skolerne"]
[WhiteTeamCountry "DEN"]
[BlackTeamCountry "DEN"]

1. e4 e5 2. Nf3 Nc6 3. d4 exd4 4. Nxd4 Nf6 5. Nxc6 bxc6 6. e5 Qe7 7. Qe2 Nd5 8.
c4 Ba6 9. Qe4 Nb6 10. Nd2 g6 11. b3 Bg7 12. Bb2 d5 13. Qe3 O-O 14. O-O-O Rfe8
15. f4 f6 16. Re1 fxe5 17. fxe5 dxc4 18. Bxc4+ Bxc4 19. bxc4 Rab8 20. Re2 Na4
21. Ba1 Red8 22. Kc2 Qe6 23. Rb1 Qf5+ 24. Qe4 Rxd2+ 25. Kxd2 Rxb1 26. Qxf5 gxf5
27. e6 Rxa1 0-1

[Event "Skakligaen"]
[Site "Padborg"]
[Date "2017.12.03"]
[Round "3.7"]
[White "Rendboe, John Filip"]
[Black "Prien, Thore"]
[Result "1/2-1/2"]
[WhiteElo "2127"]
[BlackElo "2234"]
[PlyCount "76"]
[EventDate "2017.11.18"]
[EventType "team-tourn"]
[EventRounds "9"]
[EventCountry "DEN"]
[WhiteTeam "Aarhus/Skolerne"]
[BlackTeam "Bov"]
[WhiteTeamCountry "DEN"]
[BlackTeamCountry "DEN"]

1. c4 b6 2. Nc3 e6 3. d4 Bb7 4. Nf3 Bb4 5. Qc2 f5 6. a3 Bxc3+ 7. Qxc3 Nf6 8. e3
O-O 9. Be2 d6 10. O-O Ne4 11. Qc2 Nd7 12. b3 Rf6 13. Rd1 Rh6 14. Bb2 Ndf6 15.
Ne1 Ng4 16. Bxg4 fxg4 17. d5 exd5 18. cxd5 Qe7 19. Rac1 Rf8 20. Qxc7 Qg5 21.
Qxb7 Nxf2 22. Qxg7+ Qxg7 23. Bxg7 Kxg7 24. Rd4 g3 25. h3 Rhf6 26. Nd3 Nxd3 27.
Rxd3 h5 28. h4 Re8 29. Rc7+ Kh6 30. e4 Rg6 31. Rcc3 Rxe4 32. Rxg3 Rxg3 33. Rxg3
Rxh4 34. Re3 Rg4 35. Kf2 Rg5 36. Re6+ Rg6 37. Re7 Rg5 38. Re6+ Rg6 1/2-1/2

[Event "Skakligaen"]
[Site "Padborg"]
[Date "2017.12.03"]
[Round "3.8"]
[White "Wolter, Jens"]
[Black "Jensen, Jacob Bjerre"]
[Result "1-0"]
[WhiteElo "2152"]
[BlackElo "2140"]
[PlyCount "93"]
[EventDate "2017.11.18"]
[EventType "team-tourn"]
[EventRounds "9"]
[EventCountry "DEN"]
[WhiteTeam "Bov"]
[BlackTeam "Aarhus/Skolerne"]
[WhiteTeamCountry "DEN"]
[BlackTeamCountry "DEN"]

1. e4 e6 2. d4 d5 3. e5 c5 4. c3 Qb6 5. a3 Nc6 6. Nf3 c4 7. g3 Bd7 8. Bg2 Na5
9. Nbd2 Ne7 10. O-O h6 11. Re1 Qc7 12. Rb1 Nc8 13. Nf1 Nb6 14. Qe2 Be7 15. h4
O-O-O 16. Be3 Ba4 17. N3h2 Kb8 18. Kh1 Rc8 19. Bh3 Qd8 20. h5 Qg8 21. Bf4 Qh7
22. Ne3 Ka8 23. g4 Rcg8 24. Bg3 g6 25. Rg1 gxh5 26. gxh5 Rg5 27. Bg4 Rgg8 28.
Rbe1 Nb3 29. Bf3 Bg5 30. Nhg4 Qd3 31. Rd1 Qxe2 32. Bxe2 Bd7 33. f4 Be7 34. Bf3
Rf8 35. Nf6 Bxf6 36. exf6 Na4 37. Rg2 Rc8 38. Rdg1 Rc6 39. Ng4 Be8 40. Ne5 Rc8
41. Bh4 Rf8 42. Rg8 Bb5 43. Rxf8 Rxf8 44. Nxf7 Nd2 45. Be2 Kb8 46. Ne5 Be8 47.
f7 1-0

[Event "Skakligaen"]
[Site "Aarhus"]
[Date "2018.01.13"]
[Round "5.1"]
[White "Matthiesen, Martin"]
[Black "Svane, Rasmus"]
[Result "1-0"]
[WhiteElo "2307"]
[BlackElo "2587"]
[PlyCount "67"]
[EventDate "2017.11.18"]
[EventType "team-tourn"]
[EventRounds "9"]
[EventCountry "DEN"]
[WhiteTeam "SK68"]
[BlackTeam "Skanderborg"]
[WhiteTeamCountry "DEN"]
[BlackTeamCountry "DEN"]

1. d4 Nf6 2. c4 e6 3. Nc3 Bb4 4. Qc2 d5 5. cxd5 exd5 6. Bf4 c5 7. dxc5 Ne4 8.
e3 Qa5 9. Nge2 O-O 10. a3 Bf5 11. Qc1 Bxc3+ 12. Nxc3 Qxc5 13. Nxe4 Qxc1+ 14.
Rxc1 dxe4 15. h3 Nc6 16. g4 Bg6 17. Bg2 Rfe8 18. h4 f6 19. O-O Bf7 20. Rc5 Rad8
21. g5 fxg5 22. hxg5 a5 23. Rfc1 a4 24. Rb5 Re7 25. g6 Bxg6 26. Bg5 Rde8 27.
Bxe7 Rxe7 28. Rc4 Ne5 29. Rc8+ Kf7 30. Rb8 Kf6 31. R5xb7 Nd7 32. Ra8 Bf5 33.
Raa7 h5 34. Bf1 1-0

[Event "Skakligaen"]
[Site "Pandrup"]
[Date "2018.02.11"]
[Round "7.8"]
[White "Nielsen, Tommy"]
[Black "Bjerre, Tavs"]
[Result "1/2-1/2"]
[WhiteElo "2162"]
[BlackElo "2071"]
[PlyCount "22"]
[EventDate "2017.11.18"]
[EventType "team-tourn"]
[EventRounds "9"]
[EventCountry "DEN"]
[WhiteTeam "Jetsmark"]
[BlackTeam "Skanderborg"]
[WhiteTeamCountry "DEN"]
[BlackTeamCountry "DEN"]

1. e4 c5 2. Nc3 Nc6 3. Nf3 e6 4. Bb5 Nd4 5. Nxd4 cxd4 6. Ne2 Nf6 7. Ng3 h5 8.
h4 Bd6 9. Qf3 Qc7 10. Bd3 Bxg3 11. fxg3 Ng4 1/2-1/2

[Event "Skakligaen"]
[Site "Bronshoj"]
[Date "2018.02.11"]
[Round "7.1"]
[White "Hansen, Sune Berg"]
[Black "Aagaard, Jacob"]
[Result "1/2-1/2"]
[WhiteElo "2580"]
[BlackElo "2488"]
[PlyCount "56"]
[EventDate "2017.11.18"]
[EventType "team-tourn"]
[EventRounds "9"]
[EventCountry "DEN"]
[WhiteTeam "Hillerod"]
[BlackTeam "Bronshoj"]
[WhiteTeamCountry "DEN"]
[BlackTeamCountry "DEN"]

1. e4 c5 2. Nf3 d6 3. Bb5+ Nd7 4. a4 Ngf6 5. Nc3 e6 6. O-O Be7 7. a5 O-O 8. a6
bxa6 9. Bxa6 Bxa6 10. Rxa6 c4 11. Ra1 d5 12. exd5 exd5 13. d3 cxd3 14. Qxd3 Nc5
15. Qd1 Nce4 16. Na4 Qc7 17. Be3 Rfd8 18. Bd4 Nd7 19. Nc3 Ndc5 20. Qe2 Qb7 21.
Rfe1 Bf6 22. Bxf6 Nxf6 23. Qb5 Qc8 24. Nd4 Ne6 25. Qa4 a5 26. Rad1 Nxd4 27.
Rxd4 Qc5 28. Red1 Rab8 1/2-1/2

[Event "Skakligaen"]
[Site "Bronshoj"]
[Date "2018.02.11"]
[Round "7.4"]
[White "Hoi, Carsten"]
[Black "Stojanovski, Sandi"]
[Result "1-0"]
[WhiteElo "2354"]
[BlackElo "2270"]
[PlyCount "79"]
[EventDate "2017.11.18"]
[EventType "team-tourn"]
[EventRounds "9"]
[EventCountry "DEN"]
[WhiteTeam "Bronshoj"]
[BlackTeam "Hillerod"]
[WhiteTeamCountry "DEN"]
[BlackTeamCountry "DEN"]

1. d4 d5 2. c4 e6 3. Nc3 Bb4 4. e3 Nf6 5. Bd3 c5 6. Nge2 dxc4 7. Bxc4 cxd4 8.
exd4 Nc6 9. O-O O-O 10. Bg5 h6 11. Bh4 Be7 12. Rc1 b6 13. a3 Bb7 14. Qd3 Nh5
15. Bxe7 Nxe7 16. Rfd1 Nf6 17. Ba2 Qd7 18. Nf4 Rfd8 19. Qh3 Ned5 20. Ncxd5 Nxd5
21. Bxd5 Bxd5 22. Qg3 Qe7 23. h4 Rd7 24. Rc3 Bb7 25. Nh5 f5 26. Qe5 Kh7 27. Rg3
Rg8 28. Re1 Rd5 29. Qxe6 Qxe6 30. Rxe6 f4 31. Rxg7+ Rxg7 32. Nf6+ Kg6 33. Nxd5+
Kf5 34. Re5+ Kg6 35. Nxf4+ Kh7 36. d5 Rf7 37. g3 Rc7 38. Re1 Kg7 39. d6 Rd7 40.
Re6 1-0

[Event "Skakligaen"]
[Site "Skanderborg"]
[Date "2018.03.11"]
[Round "9.4"]
[White "Pilgaard, Kim"]
[Black "Rasmussen, Karsten"]
[Result "1-0"]
[WhiteElo "2381"]
[BlackElo "2440"]
[PlyCount "151"]
[EventDate "2017.11.18"]
[EventType "team-tourn"]
[EventRounds "9"]
[EventCountry "DEN"]
[WhiteTeam "Bronshoj"]
[BlackTeam "Aarhus/Skolerne"]
[WhiteTeamCountry "DEN"]
[BlackTeamCountry "DEN"]

1. e4 c6 2. d4 d5 3. e5 Bf5 4. h4 h5 5. Bd3 Bxd3 6. Qxd3 Qa5+ 7. Nc3 e6 8. Nge2
Qa6 9. Qf3 Ne7 10. Bg5 Nd7 11. O-O Nf5 12. Rfe1 Be7 13. Bxe7 Kxe7 14. Qf4 Rag8
15. Ng3 g6 16. Qg5+ Ke8 17. Nce2 Qb6 18. c3 Qd8 19. Qxd8+ Kxd8 20. Nxf5 gxf5
21. Nf4 Nf8 22. Nh3 Ke7 23. g3 Ng6 24. Ng5 a5 25. a4 Ra8 26. b4 axb4 27. cxb4
Ra7 28. a5 Rha8 29. Rac1 Nf8 30. Kg2 Nd7 31. Rc3 Nb8 32. Rb1 b6 33. b5 bxa5 34.
bxc6 Na6 35. Rb7+ Nc7 36. Ra3 Rxb7 37. cxb7 Rb8 38. Rxa5 Rxb7 39. Ra4 f6 40.
Nh7 fxe5 41. dxe5 Nb5 42. Rb4 d4 43. Rb3 Kd7 44. Nf8+ Kc6 45. Nxe6 Re7 46. Nf4
Rxe5 47. Nxh5 Kc5 48. Nf4 Kc4 49. Rd3 Nc3 50. Rf3 Ne4 51. h5 Ra5 52. Nd3 Ng5
53. Nb2+ Kb4 54. Rd3 Kc5 55. Rd1 Ra6 56. Rc1+ Kd5 57. Nd3 Rh6 58. Nf4+ Kd6 59.
Ra1 Ke5 60. Re1+ Kd6 61. Re8 Kd7 62. Re5 Rd6 63. Rxf5 Ne6 64. Nd3 Ke7 65. Ra5
Kf6 66. f4 Ng7 67. g4 Rb6 68. g5+ Kf7 69. Ra7+ Kg8 70. h6 Nf5 71. Ra5 Ne3+ 72.
Kf3 Nc4 73. Ra8+ Kh7 74. Ra7+ Kg6 75. Rd7 Nd2+ 76. Kg4 1-0

[Event "Skakligaen"]
[Site "Skanderborg"]
[Date "2018.03.11"]
[Round "9.8"]
[White "Svendsen, Peter Willer"]
[Black "Wolter, Jens"]
[Result "0-1"]
[WhiteElo "1938"]
[BlackElo "2152"]
[PlyCount "82"]
[EventDate "2017.11.18"]
[EventType "team-tourn"]
[EventRounds "9"]
[EventCountry "DEN"]
[WhiteTeam "Hillerod"]
[BlackTeam "Bov"]
[WhiteTeamCountry "DEN"]
[BlackTeamCountry "DEN"]

1. e4 c5 2. Nf3 g6 3. d4 Bg7 4. d5 d6 5. Bb5+ Nd7 6. a4 Ngf6 7. Nbd2 O-O 8. O-O
Rb8 9. Re1 Qc7 10. Bf1 b6 11. Nc4 a6 12. e5 dxe5 13. Nfxe5 Nxe5 14. Nxe5 Bb7
15. Nc6 Rbe8 16. c4 e6 17. Bg5 exd5 18. Bxf6 Bxf6 19. cxd5 Bxb2 20. Rb1 Rxe1
21. Qxe1 Bf6 22. Qe4 Kg7 23. g3 Bc8 24. Rd1 Qd6 25. h4 h5 26. Bc4 Bd7 27. Qb1
Bxc6 28. dxc6 Qxc6 29. Bxa6 Qxa4 30. Bb5 Qg4 31. Kh2 Qf3 32. Qc2 Bd4 33. Rd2
Ra8 34. Bc6 Qxc6 35. Rxd4 Ra1 36. Rd1 Rxd1 37. Qxd1 Qf6 38. Qc2 Qd4 39. f4 c4
40. Qe2 c3 41. Kh3 Qd7+ 0-1